000 00415nam a2200181Ia 4500
001 4228
005 20260306145740.0
008 260306t2022||||xx |||||||||||||| ||spa||
041 _aESP
082 _a320.011
_bR28 2022
100 _aRawls, John
_eAUT
245 0 _aTeoría de la justicia
260 _c2022
300 _a549 páginas :
_c23 cm.
650 _aGEN
654 _aCDE
942 _cLIB
_dJUS
_fJUS
_2ddc
_n
999 _c4228
_d4228